| 000 | 00705cam a22002057a 4500 | ||
|---|---|---|---|
| 999 |
_c7659 _d7659 |
||
| 003 | OSt | ||
| 005 | 20200317125621.0 | ||
| 008 | 050909s2006 caua b 000 0 eng d | ||
| 020 | _a9781890449384 | ||
| 040 |
_aVYF _cVYF _dIXA _dBAKER _dDLC |
||
| 082 |
_a720.8 _bSCO |
||
| 100 | 1 |
_aJohnson, Scott, _d1951- |
|
| 245 | 1 | 4 |
_aThe big idea : _bcriticality and practice in contemporary architecture / _cScott Johnson. |
| 246 | 3 | 0 | _aCriticality and practice in contemporary architecture |
| 260 |
_aGlendale, Calif. : _bBalcony Media, _c2006. |
||
| 300 |
_a191 p. : _bill. (some col.) ; _c21 cm. |
||
| 504 | _aIncludes bibliographical references (p. 154-187). | ||
| 650 | 0 | _aArchitecture and philosophy. | |
| 942 | _2ddc | ||